BOLETIN INFORMATIVO - CONSEJO NACIONAL DE ENSEÑANZA PRIMARIA Y NORMAL (Record no. 59536)
[ view plain ]
| 000 -CABECERA | |
|---|---|
| campo de control de longitud fija | 00562nam a2200181 a 4500 |
| 005 - FECHA Y HORA DE LA ÚLTIMA TRANSACCIÓN | |
| campo de control | 20210219152726.0 |
| 008 - ELEMENTOS DE LONGITUD FIJA--INFORMACIÓN GENERAL | |
| campo de control de longitud fija | 991125s195? uru 000 0 spa u |
| 035 ## - NÚMERO DE CONTROL DEL SISTEMA | |
| Número de control de sistema | UPN01000059596 |
| 049 ## - COLECCIÓN | |
| Colección | Acervo histórico |
| 245 #0 - MENCIÓN DE TÍTULO | |
| Título | BOLETIN INFORMATIVO - CONSEJO NACIONAL DE ENSEÑANZA PRIMARIA Y NORMAL |
| 260 ## - PUBLICACIÓN, DISTRIBUCIÓN, ETC. | |
| Lugar de publicación, distribución, etc. | Uruguay : |
| Nombre del editor, distribuidor, etc. | Consejo Nacional de Enseñanza Primaria y Normal, |
| Fecha de publicación, distribución, etc. | 195? |
| 310 ## - FRECUENCIA ACTUAL DE LA PUBLICACION | |
| Periodicidad actual | Mensual |
| 362 ## - FECHAS DE PUBLICACIÓN Y/O DESIGNACIÓN SECUENCIAL | |
| Fecha de publicación y/o designación secuencial | 1957 5 (8,9,10) |
| 362 ## - FECHAS DE PUBLICACIÓN Y/O DESIGNACIÓN SECUENCIAL | |
| Fecha de publicación y/o designación secuencial | 1958 6 (1,2,4,5,6,7,8,9,10) |
| 362 ## - FECHAS DE PUBLICACIÓN Y/O DESIGNACIÓN SECUENCIAL | |
| Fecha de publicación y/o designación secuencial | 1959 7 (2,3,4,5,6,7,8) |
| 904 ## - ELEMENTOS DE DATOS D LOCAL, LDD (RLIN) | |
| a | AC |
| b | 000328 |
| 905 ## - TIPO DE MATERIAL | |
| Tipo de material | Revista |
No items available.
